01012nam a2200217Ia 4500003000900000008004100009020001800050040001600068080002400084111006700108245028800175260004800463300001400511490005900525650003800584650003900622650004500661700002800706700002200734710003800756IN-BaIIA211028s9999 xx 000 0 eng d a0-521-84758-3 cIIA Library a524.834(082.2)bPLA aSpace Telescope Science Institute SymposiumcUSAd2004 May 3-6 0aPlanets to cosmology-essential science in the final years of the hubble space telescopebproceedings of the space telescope science institute symposium held in Baltimore, USA, 3--6 May 2004cedited by Mario Livio and Stefano Casertano  aCambridgebCambridge University Pressc2006 axi, 203p. aSpace telescope science institute symposium series; 18 aAstronomy - research - congresses aHubble space telescope(Spacecraft) aSpace telescopes - research - congresses aCasertano, Stefano, ed. aLivio, Mario, ed. aSpace telescope science institute